Normal view MARC view

Entry Personal Name

Number of records used in: 1

001 - CONTROL NUMBER

  • control field: 44980

003 - CONTROL NUMBER IDENTIFIER

  • control field: dpl

005 - DATE AND TIME OF LATEST TRANSACTION

  • control field: 20120412114508.0

008 - FIXED-LENGTH DATA ELEMENTS

  • fixed length control field: 120412|||a|||||| | ||| d

040 ## - CATALOGING SOURCE

  • Original cataloging agency: dpl
  • Transcribing agency: dpl

100 ## - HEADING--PERSONAL NAME

  • Personal name: Kevin, S.

670 ## - SOURCE DATA FOUND

  • Source citation: Work cat.: (dpl)53213: Kevin, S. , Commidity and financial derivatives /, 2010

670 ## - SOURCE DATA FOUND

  • Source citation: Work cat.: (dpl)53213: Kevin, S. , Commidity and financial derivatives /, 2010

© Delhi Public Library
Hit Counter
free hit counter